The motor vehicle; (Record no. 548187)
[ view plain ]
| 000 -LEADER | |
|---|---|
| fixed length control field | 00619cam a2200169u 4500 |
| 082 ## - DEWEY DECIMAL CLASSIFICATION NUMBER | |
| Classification number | 629.2 |
| Author Mark | NEW |
| -- | L-14, P-25 |
| 100 1# - MAIN ENTRY--PERSONAL NAME | |
| Personal name | Newton, Kenneth. [from old catalog] |
| 9 (RLIN) | 44382 |
| 245 14 - TITLE STATEMENT | |
| Title | The motor vehicle; |
| Remainder of title | a descriptive text-book for students, draughtsmen and owner-drivers |
| 250 ## - EDITION STATEMENT | |
| Edition statement | 4th ed. |
| 260 ## - PUBLICATION, DISTRIBUTION, ETC. | |
| Place of publication, distribution, etc. | London, |
| Name of publisher, distributor, etc. | Published for "Automobile engineer" by Iliffe |
| Date of publication, distribution, etc. | [1950] |
| 300 ## - PHYSICAL DESCRIPTION | |
| Extent | 590 p. |
| Other physical details | illus. |
| Dimensions | 22 cm. |
| 526 ## - STUDY PROGRAM INFORMATION NOTE | |
| Program name | 0 |
| Interest level | 0 |
| Reading level | 0 |
| Title point value | 629_200000000000000_NEW |
| 650 #0 - SUBJECT ADDED ENTRY--TOPICAL TERM | |
| Topical term or geographic name entry element | Automobiles |
| General subdivision | Design and construction. |
| 9 (RLIN) | 44383 |
| 650 #0 - SUBJECT ADDED ENTRY--TOPICAL TERM | |
| Topical term or geographic name entry element | MCE |
| 9 (RLIN) | 379 |
| 700 1# - ADDED ENTRY--PERSONAL NAME | |
| Personal name | Steeds, William, [from old catalog] |
| 9 (RLIN) | 44384 |
| 942 ## - ADDED ENTRY ELEMENTS (KOHA) | |
| Source of classification or shelving scheme | |
| Koha item type | Book |
| Withdrawn status | Lost status | Source of classification or shelving scheme | Damaged status | Not for loan | Permanent Location | Current Location | Date acquired | Total Checkouts | Full call number | Barcode | Date last seen | Price effective from | Koha item type |
|---|---|---|---|---|---|---|---|---|---|---|---|---|---|
| Military College of Engineering (MCE) | Military College of Engineering (MCE) | 08/25/2014 | 629.2 NEW | MCE-40975 | 08/25/2014 | 08/25/2014 | Book |
